000 05832nam a22005177a 4500
001 17500857
003 OSt
005 20241030091044.0
008 121019s2012 nyu b 001 0aeng
010 _a 2012034584
020 _a9781451695182
020 _a9781451695199 (trade paperback)
020 _z9781451695205 (ebook)
040 _aDLC
_beng
_cDLC
_erda
_dDLC
041 _aeng
042 _apcc
043 _an-us---
050 0 0 _aRD592.9.A54
_bA3 2012
080 _a2
_bA-33
082 0 0 _a617.4/8092
_aB
_223
084 _aREL085000
_aREL106000
_aMED000000
_2bisacsh
100 1 _aAlexander, Eben.
245 1 0 _aProof of heaven :
_ba neurosurgeon's journey into the afterlife /
_c/ by: Simon and Schuster
250 _aFirst Simon & Schuster edition.
260 _aNew York
_bSimon and Schuster
_c2012
300 _avi, 196 pages
_c22 cm
336 _atext
_2rdacontent
337 _aunmediated
_2rdamedia
338 _avolume
_2rdacarrier
365 _b15.99 usd
504 _aIncludes bibliographical references (pages 177-182) and index.
520 _a"A SCIENTIST'S CASE FOR THE AFTERLIFE Near-death experiences, or NDEs, are controversial. Thousands of people have had them, but many in the scientific community have argued that they are impossible. Dr. Eben Alexander was one of those people. A highly trained neurosurgeon who had operated on thousands of brains in the course of his career, Alexander knew that what people of faith call the "soul" is really a product of brain chemistry. NDEs, he would have been the first to explain, might feel real to the people having them, but in truth they are simply fantasies produced by brains under extreme stress. Then came the day when Dr. Alexander's own brain was attacked by an extremely rare illness. The part of the brain that controls thought and emotion--and in essence makes us human-- shut down completely. For seven days Alexander lay in a hospital bed in a deep coma. Then, as his doctors weighed the possibility of stopping treatment, Alexander's eyes popped open. He had come back. Alexander's recovery is by all accounts a medical miracle. But the real miracle of his story lies elsewhere. While his body lay in coma, Alexander journeyed beyond this world and encountered an angelic being who guided him into the deepest realms of super-physical existence. There he met, and spoke with, the Divine source of the universe itself. This story sounds like the wild and wonderful imaginings of a skilled fantasy writer. But it is not fantasy. Before Alexander underwent his journey, he could not reconcile his knowledge of neuroscience with any belief in heaven, God, or the soul. That difficulty with belief created an empty space that no professional triumph could erase. Today he is a doctor who believes that true health can be achieved only when we realize that God and the soul are real and that death is not the end of personal existence but only a transition. This story would be remarkable no matter who it happened to. That it happened to Dr. Alexander makes it revolutionary. No scientist or person of faith will be able to ignore it. Reading it will change your life"--
_cProvided by publisher.
520 _a"Near-death experiences are controversial. Thousands of people have had them, but many in the scientific community have argued that they are impossible. Dr. Eben Alexander was one of those people. A highly trained neurosurgeon, Alexander knew that what people of faith call the "soul" is really a product of brain chemistry. NDEs, he would have been the first to explain, might feel real, but they are fantasies produced by brains under extreme stress. Then came the day when Dr. Alexander's own brain was attacked by a rare illness. The part of the brain that controls thought and emotion--and in essence makes us human--shut down completely. For seven days Alexander lay in a hospital bed in a deep coma. Then, as his doctors weighed the possibility of stopping treatment, Alexander's eyes popped open. He had come back. Alexander's recovery is a medical miracle. But the real miracle of his story lies elsewhere. While his body lay in coma, Alexander journeyed beyond this world and encountered an angelic being who guided him into the deepest realms of super-physical existence. There he met, and spoke with, the Divine source of the universe itself. This story sounds like the wild imaginings of a skilled fantasy writer. But it is not fantasy. Before Alexander underwent his journey, he could not reconcile his knowledge of neuroscience with any belief in heaven, God, or the soul. That difficulty with belief created an empty space that no professional triumph could erase. Today he is a doctor who believes that true health can be achieved only when we realize that God and the soul are real and that death is not the end of personal existence but only a transition. This story would be remarkable no matter who it happened to. That it happened to Dr. Alexander makes it revolutionary"--
_cProvided by publisher.
600 1 0 _aAlexander, Eben.
650 0 _aNeurosurgeons
_zUnited States
_vBiography.
650 0 _aReligion
_9262
_bHoly Bible
650 0 _aNear-death experiences
_zUnited States.
650 7 _aRELIGION / Eschatology.
_2bisacsh
650 7 _aRELIGION / Religion & Science.
_2bisacsh
650 7 _aMEDICAL / General.
_2bisacsh
653 _aრელიგია
856 4 2 _3Cover image
_uhttp://www.netread.com/jcusers2/1247/182/9781451695182/image/lgcover.9781451695182.jpg
906 _a7
_bcbc
_corignew
_d1
_eecip
_f20
_gy-gencatlg
942 _2udc
_cBK
_e1
999 _c1647
_d1647